The Office: Break Me Off a Piece of That... - Statistics

General Stats
  • This quiz has been taken 12 times
  • The average score is 4 of 11
Answer Stats
Answer % Correct
Fancy Feast
80%
Chrysler Car
60%
Snickers Bar
50%
Football Cream
40%
Applesauce
30%
Claude Van Damme
30%
Hair for Men
30%
Nutrasweet
20%
Poison Gas
20%
Grey Poupon
10%
Lumber Tar
10%
No matching quizzes found
Score Distribution
Percent of People with Each Score
Percentile by Number Answered
Your Score History
You have not taken this quiz